000 00409pab a2200157 454500
008 180718b2014 xxu||||| |||| 00| 0 eng d
100 _aCabanis-Brewin, Jeannette
245 _aGovernment project management offices struggle to prove their value
260 _c2014
300 _ap.29-30.
362 _aFall
650 _aProject management
773 _aPublic Manager
908 _aN
909 _a106549
999 _c106544
_d106544